000 00428nam a2200145Ia 4500
008 100204s9999 xx 000 0 und d
082 _b7987
100 _aनाईक गुरुनाथ
245 _aआत्मा
260 _b"बांदोडकर पब्लिशिंग हाऊस, गोवा"
_c1985
300 _a206
630 _aआत्मा
730 _aआत्मा
942 _cBOOK
999 _c452423
_d452420